书目信息 |
| 题名: |
WPS Office效率手册
|
|
| 作者: | 周斌 著 | |
| 分册: | ||
| 出版信息: | 北京 人民邮电出版社 2018.07 |
|
| 页数: | 230页 | |
| 开本: | 24cm | |
| 丛书名: | ||
| 单 册: | ||
| 中图分类: | TP391.12-62 , TP317.1 | |
| 科图分类: | ||
| 主题词: | 汉字处理软件系统--手册 , 软件 | |
| 电子资源: | ||
| ISBN: | 978-7-115-48492-5 | |
| 000 | 00901nam0 2200253 450 | |
| 001 | 4359 | |
| 005 | 20181011104651.17 | |
| 010 | @a978-7-115-48492-5@dCNY59.80 | |
| 100 | @a20180819d2018 em y0chiy50 ea | |
| 101 | 0 | @achi |
| 102 | @aCN@b110000 | |
| 105 | @ay z 000yy | |
| 200 | 1 | @aWPS Office效率手册@9WPS Office xiao lv shou ce@e更快更好搞定文字、演示和表格@f周斌著 |
| 210 | @a北京@c人民邮电出版社@d2018.07 | |
| 215 | @a230页@d24cm | |
| 330 | @a本书将作者多年积累的办公软件实用案例进行了高效梳理,将多年沉淀的WPS应用思路、方法和技巧分享给读者,尤其注重办公软件的实用、巧用和妙用。 | |
| 517 | 1 | @a更快更好搞定文字、演示和表格@9geng kuai geng hao gao ding wen zi、yan shi he biao ge |
| 606 | 0 | @a汉字处理软件系统@j手册 |
| 606 | 0 | @a软件 |
| 690 | @aTP391.12-62@v5 | |
| 690 | @aTP317.1@v4 | |
| 701 | 0 | @a周斌@9zhou bin@4著 |
| 801 | 0 | @aCN@b91MARC@c20180819 |
| 905 | @aMuseLib@dTP317.1@e429 | |
| WPS Office效率手册:更快更好搞定文字、演示和表格/周斌著.-北京:人民邮电出版社,2018.07 |
| 230页;24cm |
| ISBN 978-7-115-48492-5:CNY59.80 |
| 本书将作者多年积累的办公软件实用案例进行了高效梳理,将多年沉淀的WPS应用思路、方法和技巧分享给读者,尤其注重办公软件的实用、巧用和妙用。 |
| ● |
| 相关链接 |
|
|
|
|
正题名:WPS Office效率手册
索取号:TP317.1/429
 
预约/预借
| 序号 | 登录号 | 条形码 | 馆藏地/架位号 | 状态 | 备注 |
| 1 | 1124786 | 211247863 | 第二样本阅览室/ [索取号:TP317.1/429] | 在馆 | |
| 2 | 1124787 | 211247872 | 第三借阅区/ [索取号:TP317.1/429] | 在馆 | |
| 3 | 1124788 | 211247881 | 第三借阅区/ [索取号:TP317.1/429] | 在馆 | |
| 4 | 1124789 | 211247890 | 第三借阅区/ [索取号:TP317.1/429] | 在馆 | |
| 5 | 1124790 | 211247907 | 第三借阅区/ [索取号:TP317.1/429] | 在馆 |